|
|
|
|
| LEADER |
00717pam a22001938a 4500 |
| 001 |
00038635 |
| 005 |
20171026081025.0 |
| 008 |
170516s2012 ||||||engsd |
| 041 |
0 |
# |
|a eng
|
| 082 |
1 |
4 |
|a 428
|b S506I
|
| 100 |
1 |
# |
|a Betsis Andrew
|
| 245 |
1 |
0 |
|a Succeed in IELTS speaking & Vocabulary ideal for both the Academic & the General Training modules
|b Student's book
|c Andrew Betsis, Sula Delafuente, Sean Haughton
|
| 260 |
# |
# |
|a British
|b GlobaIELT
|c 2012
|
| 300 |
# |
# |
|a 65tr.
|c 29 cm
|
| 852 |
# |
# |
|b Kho đọc
|j KD.1001607, KD.0021118
|
| 852 |
# |
# |
|j KM.0022196
|b Kho mượn
|
| 852 |
# |
# |
|j KM.0022196
|j KD.0021118
|
| 910 |
|
|
|d 16/05/2017
|
| 980 |
# |
# |
|a Trung tâm Học liệu Lê Vũ Hùng, Trường Đại học Đồng Tháp
|